Premi Lega Serie A - Miglior centrocampista - Statistics

Statistiche generali
  • Questo quiz è stato fatto 21 volte
    15 dall'ultimo reset
  • Il punteggio medio è 6 su 6
Statistiche sulle risposte
Stagione Nazione Squadra Giocatore % Corretto
2020-2021 Italia Inter Nicolò Barella
100%
2022-2023 Italia Inter Nicolò Barella
100%
2023-2024 Turchia Inter Hakan Çalhanoğlu
92%
2018-2019 Serbia Lazio Sergej Milinković-Savić
92%
2019-2020 Argentina Atalanta Alejandro Gómez
85%
2021-2022 Croazia Inter Marcelo Brozović
85%
Nessun quiz corrispondente trovato
Distribuzione punteggi
Percentuale di utenti per punteggio
Percentile per numero di risposta
I tuoi punteggi nel tempo
Non hai fatto questo quiz dall'ultimo reset